Elements des sciences physiques appliquees a l'agriculture, Chimie organique
Αποθηκεύτηκε σε:
| Κύριος συγγραφέας: | |
|---|---|
| Μορφή: | Βιβλίο |
| Γλώσσα: | French |
| Δημοσίευση: |
Paris :
J. Heitzel et Cie Editeurs,
[1863].
|
| Θέματα: | |
| Ετικέτες: |
Προσθήκη ετικέτας
Δεν υπάρχουν, Καταχωρήστε ετικέτα πρώτοι!
|
MARC
| LEADER | 00000nam a2200000 a 4500 | ||
|---|---|---|---|
| 001 | 1/127259 | ||
| 008 | 230913s1863####fr | ||| |||| ||fre|| | ||
| 040 | |a GR-MyUa |b gre |c GR-MyUa |e AACR2 | ||
| 041 | 0 | |a fre | |
| 082 | 7 | |a 547 |2 (23) | |
| 100 | 1 | |a Pouriau, Armand Florent, |d 1828-1903. | |
| 245 | 1 | 0 | |a Elements des sciences physiques appliquees a l'agriculture, Chimie organique / par A.-F. Pouriau, |c par A.-F. Pouriau. |
| 260 | |a Paris : |b J. Heitzel et Cie Editeurs, |c [1863]. | ||
| 300 | |a 541, 64 σ. : |b εικ. ; |c 18 εκ. | ||
| 500 | |a Περιλαβάνει το "Bibliotheque des proffesions industrielles commerciales et agricoles" | ||
| 650 | 0 | |a Chemistry, Organic | |
| 852 | |a INST |b SAMOS |c MOR |e 20230908 |h 547 POU |p 005300047776 |q 005300047776 |t BK |y 23 | ||
| 970 | |a Γουβάλα |b Βάσω |z 13-09-2023 | ||